[Event "NED-ch63 sf"]
[Site "Hilversum"]
[Date "2008.02.24"]
[Round "2.2"]
[White "Visser, Yge"]
[Black "Van Haastert, Edwin"]
[Result "1/2-1/2"]
[WhiteElo "2470"]
[BlackElo "2414"]
[PlyCount "73"]
[EventDate "2008.01.05"]
[EventType "k.o."]
[EventRounds "3"]
[EventCountry "NED"]
[SourceTitle "EXT 2010"]
[Source "ChessBase"]
[SourceDate "2010.11.25"]
[SourceVersion "1"]
[SourceVersionDate "2010.11.25"]
[SourceQuality "1"]

1. e4 e5 2. Nf3 Nc6 3. Bb5 a6 4. Ba4 Nf6 5. 0-0 Be7 6. Bxc6 dxc6 7. Nc3 Nd7 8. d4 exd4 9. Qxd4 0-0 10. Bf4 Nc5 11. Qxd8 Bxd8 12. Nd4 Bf6 13. Be3 Ne6 14. Rad1 Rd8 15. Nde2 b6 16. f4 Re8 17. f5 Nf8 18. Bf4 Be5 19. Bxe5 Rxe5 20. Rd8 Bb7 21. Rfd1 Re8 22. Rxa8 Bxa8 23. Kf2 f6 24. Nf4 Kf7 25. g4 a5 26. h4 g6 27. fxg6+ hxg6 28. h5 gxh5 29. gxh5 c5 30. h6 Bxe4 31. Nxe4 Rxe4 32. Kf3 Re5 33. Rd8 Rf5 34. Ke3 Re5+ 35. Kf3 Rf5 36. Ke3 Re5+ 37. Kf3 1/2-1/2

[Event "NED-ch63 sf"]
[Site "Hilversum"]
[Date "2008.01.05"]
[Round "1.1"]
[White "Visser, Yge"]
[Black "Rademakers, Evert"]
[Result "1-0"]
[WhiteElo "2470"]
[BlackElo "2096"]
[PlyCount "51"]
[EventDate "2008.01.05"]
[EventType "k.o."]
[EventRounds "3"]
[EventCountry "NED"]
[SourceTitle "CBM 122 Extra"]
[Source "ChessBase"]
[SourceDate "2008.03.04"]
[SourceVersion "1"]
[SourceVersionDate "2008.03.04"]
[SourceQuality "1"]

1. e4 e5 2. Nf3 Nc6 3. Bb5 a6 4. Ba4 Nf6 5. 0-0 b5 6. Bb3 Be7 7. d4 d6 8. c3 0-0 9. h3 Bb7 10. Qe2 Nd7 11. Rd1 Qe8 12. a4 b4 13. a5 bxc3 14. bxc3 Bf6 15. d5 Ne7 16. Ba4 g6 17. c4 Bg7 18. Ba3 f5 19. Ng5 Qc8 20. Ne6 Rf6 21. Nc3 Bh6 22. Rab1 Nf8 23. Nxf8 Rxf8 24. c5 dxc5 25. Bxc5 Rf7 26. Qb2 1-0

[Event "NED-chT 0708"]
[Site "Netherlands"]
[Date "2007.11.24"]
[Round "4.2"]
[White "Kabatianski, Alexander"]
[Black "Visser, Yge"]
[Result "1/2-1/2"]
[WhiteElo "2424"]
[BlackElo "2474"]
[PlyCount "43"]
[EventDate "2007.09.15"]
[EventType "team-tourn"]
[EventRounds "9"]
[EventCountry "NED"]
[SourceTitle "EXT 2009"]
[Source "ChessBase"]
[SourceDate "2008.11.26"]
[SourceVersion "1"]
[SourceVersionDate "2008.11.26"]
[SourceQuality "1"]
[WhiteTeam "Homburg Apeldoorn"]
[BlackTeam "Groningen Hotels"]
[WhiteTeamCountry "NED"]
[BlackTeamCountry "NED"]

1. d4 Nf6 2. Nf3 g6 3. c4 Bg7 4. g3 0-0 5. Bg2 d6 6. 0-0 Nbd7 7. Nc3 e5 8. e4 a6 9. h3 Rb8 10. b3 exd4 11. Nxd4 Re8 12. Re1 c5 13. Nc2 Ne5 14. a4 Nc6 15. Rb1 Be6 16. Bb2 Na5 17. Ba1 Qc7 18. Qd2 Bd7 19. Ne3 Nc6 20. Ne2 Ne5 21. Nc3 Nc6 22. Ne2 1/2-1/2

[Event "NED-chT 0708"]
[Site "Netherlands"]
[Date "2007.11.03"]
[Round "3.3"]
[White "Ris, Robert"]
[Black "Visser, Yge"]
[Result "0-1"]
[WhiteElo "2395"]
[BlackElo "2474"]
[PlyCount "114"]
[EventDate "2007.09.15"]
[EventType "team-tourn"]
[EventRounds "9"]
[EventCountry "NED"]
[SourceTitle "EXT 2008"]
[Source "ChessBase"]
[SourceDate "2007.11.25"]
[SourceVersion "1"]
[SourceVersionDate "2007.11.25"]
[SourceQuality "1"]
[WhiteTeam "Utrecht"]
[BlackTeam "Groningen Hotels"]
[WhiteTeamCountry "NED"]
[BlackTeamCountry "NED"]

1. d4 Nf6 2. Bg5 Ne4 3. Bf4 d5 4. e3 c5 5. Bd3 cxd4 6. Bxe4 dxe4 7. exd4 Nc6 8. Ne2 e5 9. dxe5 Qxd1+ 10. Kxd1 Bg4 11. Nbc3 0-0-0+ 12. Kc1 h6 13. h3 Bxe2 14. Nxe2 g5 15. Bg3 Bg7 16. Nc3 Nxe5 17. Bxe5 Bxe5 18. Nxe4 Rd5 19. a4 Re8 20. Kb1 f5 21. Ng3 Bd6 22. Ka2 Bxg3 23. fxg3 Re2 24. h4 Rxg2 25. hxg5 hxg5 26. Rag1 Rxc2 27. Rh5 Rc4 28. Rxg5 Rxa4+ 29. Kb1 Rg4 30. Rc1+ Kd7 31. Rxg4 fxg4 32. Rc4 Rg5 33. Rf4 a5 34. b3 Kc6 35. Kb2 b5 36. Rd4 Kc5 37. Rf4 Kd5 38. Kc3 Ke5 39. Kb2 Rg8 40. Kb1 b4 41. Kb2 Kd5 42. Kb1 Kc5 43. Kc2 Rg5 44. Kb2 Kb5 45. Ka2 a4 46. Kb2 a3+ 47. Ka2 Re5 48. Rf2 Re3 49. Rf5+ Kc6 50. Rf4 Kc5 51. Rc4+ Kb5 52. Rxg4 Re2+ 53. Ka1 Rb2 54. Rg5+ Kc6 55. g4 Rxb3 56. Rg6+ Kc5 57. g5 Rg3 0-1

[Event "Hoogeveen Essent op"]
[Site "Hoogeveen"]
[Date "2007.10.20"]
[Round "9"]
[White "Visser, Yge"]
[Black "Werle, Jan"]
[Result "0-1"]
[WhiteElo "2470"]
[BlackElo "2568"]
[PlyCount "102"]
[EventDate "2007.10.12"]
[EventType "swiss"]
[EventRounds "9"]
[EventCountry "NED"]
[SourceTitle "CBM 120 Extra"]
[Source "ChessBase"]
[SourceDate "2007.11.01"]
[SourceVersion "1"]
[SourceVersionDate "2007.11.01"]
[SourceQuality "1"]

1. e4 e5 2. Nf3 Nc6 3. Bb5 a6 4. Ba4 Nf6 5. 0-0 Be7 6. Re1 b5 7. Bb3 d6 8. a3 0-0 9. d3 Bb7 10. Nc3 Kh8 11. Ne2 Nh5 12. g4 f5 13. gxf5 g6 14. Ng3 Nxg3 15. hxg3 gxf5 16. Bd5 Na5 17. Bxb7 Nxb7 18. d4 f4 19. Kg2 Bf6 20. dxe5 dxe5 21. Qxd8 Nxd8 22. b3 fxg3 23. fxg3 Nf7 24. Bb2 Rfd8 25. Re2 Kg7 26. Rh1 Rd7 27. g4 Re8 28. Kg3 Bg5 29. Nxg5 Nxg5 30. Rh5 Nf7 31. Reh2 h6 32. Bc1 Re6 33. Rh1 Rc6 34. R5h2 Rc3+ 35. Kh4 Kg6 36. Rf2 Ng5 37. Bb2 Rd1 38. Rhh2 Re3 39. Bxe5 Nf3+ 40. Rxf3 Rxf3 41. Bxc7 Rg1 42. Bb6 Re1 43. Ba5 Rxe4 44. Rd2 Re6 45. Rd4 Re2 46. Rd6+ Rf6 47. Rxf6+ Kxf6 48. a4 Rxc2 49. axb5 axb5 50. Be1 Re2 51. Bc3+ Kg6 0-1

[Event "Hoogeveen Essent op"]
[Site "Hoogeveen"]
[Date "2007.10.18"]
[Round "7"]
[White "Visser, Yge"]
[Black "Hillarp Persson, Tiger"]
[Result "1-0"]
[WhiteElo "2470"]
[BlackElo "2567"]
[PlyCount "119"]
[EventDate "2007.10.12"]
[EventType "swiss"]
[EventRounds "9"]
[EventCountry "NED"]
[SourceTitle "CBM 120 Extra"]
[Source "ChessBase"]
[SourceDate "2007.11.01"]
[SourceVersion "1"]
[SourceVersionDate "2007.11.01"]
[SourceQuality "1"]

1. e4 c5 2. g3 d5 3. exd5 Qxd5 4. Nf3 Bg4 5. Bg2 Qe6+ 6. Kf1 Nc6 7. h3 Bxf3 8. Qxf3 Nf6 9. Nc3 Qd7 10. d3 e6 11. Be3 Be7 12. Na4 Nd5 13. Nxc5 Qc7 14. Nb3 Ncb4 15. c3 Nxd3 16. Bd4 Nxb2 17. Qg4 0-0-0 18. c4 Nxc4 19. Kg1 h5 20. Qxg7 Bd6 21. Rc1 b5 22. Qg5 Be7 23. Qg7 Bd6 24. Qg5 Rdg8 25. Qh4 Rh6 26. a4 Rhg6 27. axb5 Bxg3 28. fxg3 Rxg3 29. Rh2 Rxb3 30. Kh1 Kd7 31. Bxd5 exd5 32. Qxh5 Kd6 33. Rf2 Qd7 34. Rf5 Qe6 35. Rf6 Rgg3 36. Rxe6+ fxe6 37. Bf2 Rgd3 38. Kh2 Rxb5 39. Bg3+ Kc6 40. Rc2 Rbb3 41. Bf4 Rf3 42. Qg4 Kd7 43. Qg7+ Kc6 44. Qg4 Kd7 45. Ra2 Rxh3+ 46. Qxh3 Rxh3+ 47. Kxh3 a5 48. Kg4 Kc6 49. Re2 a4 50. Rxe6+ Kb5 51. Kf3 a3 52. Bh6 d4 53. Re1 Ka4 54. Ke4 a2 55. Kxd4 Kb3 56. Bg7 Nd2 57. Kd3 Nc4 58. Rh1 Nb2+ 59. Kd2 Nc4+ 60. Kc1 1-0

[Event "Hoogeveen Essent op"]
[Site "Hoogeveen"]
[Date "2007.10.13"]
[Round "2"]
[White "Pel, Bonno"]
[Black "Visser, Yge"]
[Result "0-1"]
[WhiteElo "2280"]
[BlackElo "2470"]
[PlyCount "42"]
[EventDate "2007.10.12"]
[EventType "swiss"]
[EventRounds "9"]
[EventCountry "NED"]
[SourceTitle "CBM 120 Extra"]
[Source "ChessBase"]
[SourceDate "2007.11.01"]
[SourceVersion "1"]
[SourceVersionDate "2007.11.01"]
[SourceQuality "1"]

1. g3 e5 2. Bg2 d6 3. Nf3 Be7 4. d4 e4 5. Nfd2 d5 6. c4 c6 7. Nc3 f5 8. 0-0 Nf6 9. Rb1 Be6 10. b4 dxc4 11. e3 0-0 12. f3 Nd5 13. Nxd5 cxd5 14. g4 exf3 15. Bxf3 Nc6 16. b5 Nb4 17. gxf5 Bxf5 18. e4 Bh3 19. Ba3 Nd3 20. Bxe7 Qxe7 21. Qe2 Nf4 0-1

[Event "NED-chT 0708"]
[Site "Netherlands"]
[Date "2007.09.15"]
[Round "1.2"]
[White "Visser, Yge"]
[Black "Kroeze, Frank"]
[Result "1/2-1/2"]
[WhiteElo "2474"]
[BlackElo "2446"]
[PlyCount "81"]
[EventDate "2007.09.15"]
[EventType "team-tourn"]
[EventRounds "9"]
[EventCountry "NED"]
[SourceTitle "CBM 120 Extra"]
[Source "ChessBase"]
[SourceDate "2007.11.01"]
[SourceVersion "1"]
[SourceVersionDate "2007.11.01"]
[SourceQuality "1"]
[WhiteTeam "Groningen Hotels"]
[BlackTeam "Enschede ESGOO"]
[WhiteTeamCountry "NED"]
[BlackTeamCountry "NED"]

1. e4 e5 2. Nf3 Nf6 3. Nxe5 d6 4. Nf3 Nxe4 5. Qe2 Qe7 6. d3 Nf6 7. Be3 Nd5 8. Bg5 Qxe2+ 9. Bxe2 Be7 10. Bxe7 Kxe7 11. Kd2 Nf4 12. Nc3 Nxe2 13. Rae1 Bg4 14. Rxe2+ Kd7 15. Re3 Nc6 16. Nh4 Be6 17. f4 Nd4 18. Rf1 f5 19. Nf3 Nxf3+ 20. Rfxf3 c5 21. Rg3 g6 22. h4 Rhg8 23. Re1 h5 24. d4 cxd4 25. Nb5 Bd5 26. Nxd4 Rac8 27. b3 Be4 28. Ree3 Ke7 29. Rc3 Kf6 30. Rxc8 Rxc8 31. Rc3 Rxc3 32. Kxc3 Bxg2 33. Nb5 Ke6 34. Kd4 a6 35. Nc7+ Kd7 36. Nd5 Bxd5 37. Kxd5 Ke7 38. a4 Kd7 39. a5 Ke7 40. b4 Kd7 41. c3 1/2-1/2

[Event "Tilburg op"]
[Site "Tilburg"]
[Date "2007.08.17"]
[Round "2"]
[White "Lemanczyk, Thomas"]
[Black "Visser, Yge"]
[Result "1/2-1/2"]
[WhiteElo "2219"]
[BlackElo "2474"]
[PlyCount "81"]
[EventDate "2007.08.17"]
[EventType "swiss"]
[EventRounds "6"]
[EventCountry "NED"]
[SourceTitle "EXT 2010"]
[Source "ChessBase"]
[SourceDate "2010.11.25"]
[SourceVersion "1"]
[SourceVersionDate "2010.11.25"]
[SourceQuality "1"]

1. Nf3 Nf6 2. c4 g6 3. Nc3 Bg7 4. e4 d6 5. d4 0-0 6. Be2 Na6 7. 0-0 c6 8. Be3 Ng4 9. Bg5 f6 10. Bh4 Nh6 11. Qd2 e5 12. Rad1 Nf7 13. h3 Qe8 14. Rfe1 Nc7 15. dxe5 dxe5 16. c5 Ne6 17. b4 a5 18. a3 axb4 19. axb4 Nf4 20. Bf1 Be6 21. Bg3 Ng5 22. Nh4 Bh6 23. Qb2 Qe7 24. Bxf4 exf4 25. Nd5 Qf7 26. Nxf4 Nf3+ 27. Nxf3 Bxf4 28. Ra1 Rfd8 29. Rxa8 Rxa8 30. Ra1 Rd8 31. Be2 Qe7 32. Rd1 Kg7 33. Rxd8 Qxd8 34. b5 Bf7 35. bxc6 bxc6 36. Qb7 Qb8 37. Ba6 Qxb7 38. Bxb7 Be8 39. Nd4 Be5 40. Nxc6 Bxc6 41. Bxc6 1/2-1/2

[Event "NED-chT 0607"]
[Site "Netherlands"]
[Date "2007.05.13"]
[Round "9.7"]
[White "Visser, Yge"]
[Black "Pruijssers, Roeland"]
[Result "0-1"]
[WhiteElo "2516"]
[BlackElo "2355"]
[PlyCount "88"]
[EventDate "2006.09.23"]
[EventType "team-tourn"]
[EventRounds "9"]
[EventCountry "NED"]
[SourceTitle "EXT 2008"]
[Source "ChessBase"]
[SourceDate "2007.11.25"]
[SourceVersion "1"]
[SourceVersionDate "2007.11.25"]
[SourceQuality "1"]
[WhiteTeam "Groningen Share"]
[BlackTeam "Homburg Apeldoorn"]
[WhiteTeamCountry "NED"]
[BlackTeamCountry "NED"]

1. e4 e5 2. Nf3 Nc6 3. Bb5 a6 4. Ba4 Nf6 5. 0-0 Be7 6. Bxc6 dxc6 7. Nc3 Nd7 8. d4 exd4 9. Qxd4 0-0 10. Bf4 Nc5 11. Qxd8 Bxd8 12. Nd4 Bf6 13. Be3 Re8 14. f3 Ne6 15. Rad1 Nxd4 16. Bxd4 Be7 17. g4 a5 18. Kg2 Be6 19. Kg3 a4 20. f4 f6 21. Rfe1 a3 22. f5 Bf7 23. b3 Bb4 24. Nb1 Bxe1+ 25. Rxe1 b6 26. Nc3 c5 27. Be3 Re7 28. h4 Be8 29. g5 Bc6 30. gxf6 gxf6 31. Bh6 Kf7 32. Kf3 Rg8 33. Nd1 Re5 34. Bf4 Rxf5 35. Ne3 Rh5 36. Bxc7 b5 37. Kf2 Bxe4 38. Rd1 Rxh4 39. Rd7+ Ke6 40. Rd6+ Ke7 41. Ra6 Kd7 42. Bg3 Rh3 43. Ra7+ Kc6 44. Nf1 f5 0-1